Norsko

Stručná hospodársko-ekonomická charakteristika Nórska. Hospodárske vzťahy medzi Českou republikou a Nórskom. Vzájomné zahranično-obchodné vzťahy. Perspektívne trhové sektory a komodity.

Gespeichert in:
Bibliographische Detailangaben
1. Verfasser: Lacina, Pavel
Format: Buchkapitel
Sprache:Tschechisch
Schlagworte:
Tags: Tag hinzufügen
Keine Tags, Fügen Sie das erste Tag hinzu!

MARC

LEADER 00000naa a2200000 4500
001 r037963
005 20230920100756.1
041 0 |a cze 
044 |a CZ 
245 1 0 |a Norsko  |c Pavel Lacina 
520 |a Stručná hospodársko-ekonomická charakteristika Nórska. Hospodárske vzťahy medzi Českou republikou a Nórskom. Vzájomné zahranično-obchodné vzťahy. Perspektívne trhové sektory a komodity. 
610 2 0 |a obchod zahraničný 
610 2 0 |a Česko 
610 2 0 |a Nórsko 
610 2 0 |a vzťahy hospodárske vonkajšie 
610 2 0 |a bilancia obchodná 
610 2 0 |a bilancia platobná 
610 2 0 |a komodity 
100 1 |a Lacina, Pavel